|
|
|
|
| LEADER |
00000cam a22000002c 4500 |
| 001 |
1091097151 |
| 003 |
DE-627 |
| 005 |
20251224220350.0 |
| 007 |
tu |
| 008 |
900724s1983 xx ||||| 00| ||eng c |
| 035 |
|
|
|a (DE-627)1091097151
|
| 035 |
|
|
|a (DE-576)021097151
|
| 035 |
|
|
|a (DE-599)BSZ021097151
|
| 035 |
|
|
|a (OCoLC)08928310
|
| 035 |
|
|
|a (DE-604)8064145859
|
| 040 |
|
|
|a DE-627
|b ger
|c DE-627
|e rakwb
|
| 041 |
|
|
|a eng
|
| 082 |
0 |
|
|a 306.7/088055
|
| 084 |
|
|
|a MS 2450
|2 rvk
|0 (DE-625)rvk/123639:
|
| 100 |
1 |
|
|a Chilman, Catherine S.
|4 aut
|
| 245 |
1 |
0 |
|a Adolescent sexuality in a changing American society
|b social and psychological perspectives for the human services professions
|
| 250 |
|
|
|a 2nd ed.
|
| 264 |
|
1 |
|a New York [u.a.]
|b Wiley
|c 1983
|
| 300 |
|
|
|a XI, 334 S.
|
| 336 |
|
|
|a Text
|b txt
|2 rdacontent
|
| 337 |
|
|
|a ohne Hilfsmittel zu benutzen
|b n
|2 rdamedia
|
| 338 |
|
|
|a Band
|b nc
|2 rdacarrier
|
| 490 |
0 |
|
|a Wiley series on personality processes
|
| 583 |
1 |
|
|a Archivierung prüfen
|c 20200919
|f DE-640
|z 2
|2 pdager
|
| 936 |
r |
v |
|a MS 2450
|b Sexualverhalten der Jugendlichen
|k Soziologie
|k Spezielle Soziologien
|k Jugendsoziologie
|k Sexualverhalten der Jugendlichen
|0 (DE-627)1271441012
|0 (DE-625)rvk/123639:
|0 (DE-576)201441012
|
| 951 |
|
|
|a BO
|
| ELC |
|
|
|b 1
|
| LOK |
|
|
|0 000 xxxxxcx a22 zn 4500
|
| LOK |
|
|
|0 001 2148086006
|
| LOK |
|
|
|0 003 DE-627
|
| LOK |
|
|
|0 004 1091097151
|
| LOK |
|
|
|0 005 19950920000000
|
| LOK |
|
|
|0 008 900724||||||||||||||||ger|||||||
|
| LOK |
|
|
|0 040
|a DE-21
|c DE-627
|d DE-21
|
| LOK |
|
|
|0 852
|a DE-21
|
| LOK |
|
|
|0 852 1
|c KB 15 A 270
|9 00
|
| LOK |
|
|
|0 935
|a krim
|
| LOK |
|
|
|0 936ln
|a k1
|
| LOK |
|
|
|0 939
|a 24-07-90
|b l01
|
| ORI |
|
|
|a SA-MARC-krimdoka001.raw
|
| SIG |
|
|
|a UB: KB 15 A 270
|